000 00723nam a2200241 i 4500
001 000043995
003 DO-SdBNP
005 20230911085557.0
007 ta
008 140512s1973 dr abc 000 0 spa d
040 _aDO-SdBNP
_bspa
_cBNPHU
_erda
082 4 _222
100 1 _aMiranda, Ignacio,
_98302
_eautor
245 1 0 _aCaribana :
_bun modelo de empresa comunitaria /
_cIgnacio Miranda.
264 _aSanto Domingo :
_bMundo Moderno,
_c1973.
300 _a49 páginas :
_bilustraciones, retratos, mapa ;
_c15 cm.
336 _2rdacontent
_atexto
_btxt
337 _2rdamedia
_asin mediación
_bnc
338 _2rdacarrier
_avolumen
_bn
590 _aInventariado, 2023/BT
910 _abtavárez
942 _2ddc
_cLBS1
999 _c43484
_d43484